Your sexual bill of rights; (Record no. 8817)
[ view plain ]
| 000 -LEADER | |
|---|---|
| fixed length control field | 00851nam a2200289 4500 |
| 001 - CONTROL NUMBER | |
| control field | 2189210 |
| 003 - CONTROL NUMBER IDENTIFIER | |
| control field | OSt |
| 005 - DATE AND TIME OF LATEST TRANSACTION | |
| control field | 20211004092548.0 |
| 008 - FIXED-LENGTH DATA ELEMENTS--GENERAL INFORMATION | |
| fixed length control field | 730510s1973 nyu b 000 0 eng |
| 010 ## - LIBRARY OF CONGRESS CONTROL NUMBER | |
| LC control number | 72094861 |
| 020 ## - INTERNATIONAL STANDARD BOOK NUMBER | |
| International Standard Book Number | 0682476072 |
| 040 ## - CATALOGING SOURCE | |
| Original cataloging agency | DLC |
| Transcribing agency | hu |
| Modifying agency | DLC |
| 043 ## - GEOGRAPHIC AREA CODE | |
| Geographic area code | n-us--- |
| 050 00 - LIBRARY OF CONGRESS CALL NUMBER | |
| Classification number | HQ18.U5 |
| Item number | R34 |
| 082 00 - DEWEY DECIMAL CLASSIFICATION NUMBER | |
| Classification number | 301.41/7973 |
| 100 1# - MAIN ENTRY--PERSONAL NAME | |
| Personal name | Ramer, Leonard V. |
| 9 (RLIN) | 9455 |
| 245 10 - TITLE STATEMENT | |
| Title | Your sexual bill of rights; |
| Remainder of title | an analysis of the harmful effects of sexual prohibitions |
| Statement of responsibility, etc. | [by] Leonard V. Ramer. |
| 250 ## - EDITION STATEMENT | |
| Edition statement | [1st ed.] |
| 260 ## - PUBLICATION, DISTRIBUTION, ETC. | |
| Place of publication, distribution, etc. | New York, |
| Name of publisher, distributor, etc. | Exposition Press |
| Date of publication, distribution, etc. | [1973] |
| 300 ## - PHYSICAL DESCRIPTION | |
| Extent | 126 p. |
| Dimensions | 22 cm. |
| 350 ## - PRICE (NR) (BK AM CF MU VM SE) [OBSOLETE] | |
| Price | $5.00 |
| 504 ## - BIBLIOGRAPHY, ETC. NOTE | |
| Bibliography, etc. note | Bibliography: p. 121-126. |
| 650 #0 - SUBJECT ADDED ENTRY--TOPICAL TERM | |
| Topical term or geographic name entry element | Sex customs |
| Geographic subdivision | United States. |
| 9 (RLIN) | 3780 |
| 650 #0 - SUBJECT ADDED ENTRY--TOPICAL TERM | |
| Topical term or geographic name entry element | Sexual ethics. |
| 9 (RLIN) | 9456 |
| 906 ## - LOCAL DATA ELEMENT F, LDF (RLIN) | |
| a | 7 |
| b | cbc |
| c | orignew |
| d | 2 |
| e | opcn |
| f | 19 |
| g | y-gencatlg |
| 942 ## - ADDED ENTRY ELEMENTS (KOHA) | |
| Source of classification or shelving scheme | Dewey Decimal Classification |
| Koha item type | Books like text book referance book |
| Suppress in OPAC | No |
| Withdrawn status | Lost status | Source of classification or shelving scheme | Damaged status | Not for loan | Home library | Current library | Shelving location | Date acquired | Total Checkouts | Full call number | Barcode | Date last seen | Copy number | Price effective from | Koha item type |
|---|---|---|---|---|---|---|---|---|---|---|---|---|---|---|---|
| Dewey Decimal Classification | Social Library | Social Library | General Stacks | 10/04/2021 | 031.417/ram | SHLIB 00001663 | 10/04/2021 | 1 | 10/04/2021 | Books like text book referance book |